000 00521nam a2200181Ia 4500
003 GCL
008 140319s9999 xx 000 0 ara d
040 _aGCL /
_cGCL
082 0 4 _a814.008
_bن ت
100 1 _aنبيل فرج
245 1 0 _aالتراث المفقود /
_cنبيل فرج
260 _a[S.N] :
_bالهيئة المصرية العامة للكتاب ،
_c1990
300 _a238 ص
490 _a
650 0 4 _aالادب العربى
650 0 4 _aالمقالات العربية
942 _2ddc
_cBK
999 _c30091
_d30091